000 01323cam a22003497a 4500
003 CHAP
005 20220329141851.0
008 980317d1997 mx a r 00110 spa d
010 _a75000
011 _a75972
035 _a85546
040 _cCHAP
090 _aTesis
100 0 0 _aBautista Chávez, Carlos.
_910899
245 1 0 _aDeterminación del rango óptimo de la resistencia eléctrica del moco cervical con el estrón para llevar a cabo la inseminación artificial
_c/por Carlos Bautista Chávez
260 _aChapingo, Méx. :
_bEl autor,
_c1997
300 _a36 h. :
_bilus.
502 _aTesis (Ing. Agr. Esp. en Sistemas Pecuarios de Zonas Aridas) -- UACH. Departamento de Zonas Aridas
590 _aALEPH
_b10
_c20130110
_lUCH01
_h1422
590 _aBATCH-UPD
_b10
_c20130110
_lUCH01
_h0337
590 _aBATCH-UPD
_b10
_c20130110
_lUCH01
_h1704
590 _aBATCH-UPD
_b10
_c20130410
_lUCH01
_h0010
590 _aBATCH-UPD
_b10
_c20130914
_lUCH01
_h0547
590 _aCONVERSION
_b10
_c20130109
_lUCH01
_h1341
650 1 4 _aGanado Holstein - Friesian.
_945148
650 1 4 _aGanado vacuno
_xFecundidad.
_945466
650 1 4 _aInseminación artificial.
_958964
901 _aBK
942 _cFOLL
949 _bBC
_cTES
_d33724000629564
_eTS2
_fc.2
_h32234
_i85546
_sb
949 _bBC
_cTES
_d855461
_eTS1
_h32233
_i85546
_sb
999 _c75000
_d75000